000 00298nam a22001337a 4500
008 170809b xxu||||| |||| 00| 0 eng d
020 _ac90-06829
041 _aeng
080 _a004
100 _a35
101 _aSHKI
245 _a64525C MICROSOFT OFFICIAL COURSE
_cMICROSOFT
942 _2udc
_cBK
999 _c22972
_d22972